00897nam a2200229 a 4500001001000000005001700010008004100027041000800068044000700076050002300083100002900106245019100135260002500326300001800351500001800369500003200387500001000419500002100429500008400450506009200534650004100626BRCA_863020190320210342.0220916s1725----it-#######---#000-0#lat-# alat ait 4aBX1970b.A23c17251 aAbbatem, D. Marium Boeri10aSacrorvm romani sub sanctissimo domino nostro Papa Benedicto XIII ac tridentini conciliorvm syntagma alphabetico duplici ordine ad maiorem utentium commoditatemcD. Marium Boeri Abbatem. aRomanib[s.i.]c1725 a582 p.c27 cm aFondo antiguo aSe encuentra en Caja Fuerte a12-35 aTexto manuscrito aNota de encuadernación: piel con cartón escudo, ornamentos y cantos dorados0 aFondo reservado: para su consulta es necesario credencial de usuario y carta de motivos14aIglesia católicaeLiturgiavtextos